STRENGTH OF MATERIALS (Record no. 29731)

000 -LEADER
fixed length control field 00300nam a2200133Ia 4500
008 - FIXED-LENGTH DATA ELEMENTS--GENERAL INFORMATION
fixed length control field 200615s9999||||xx |||||||||||||| ||und||
082 ## - DEWEY DECIMAL CLASSIFICATION NUMBER
Classification number 620
Item number STR-K
100 ## - MAIN ENTRY--PERSONAL NAME
Personal name KUMAR,RANJAN
245 #0 - TITLE STATEMENT
Title STRENGTH OF MATERIALS
250 ## - EDITION STATEMENT
Edition statement 1ST
260 ## - PUBLICATION, DISTRIBUTION, ETC.
Place of publication, distribution, etc. New Delhi
Name of publisher, distributor, etc. AITBS
Date of publication, distribution, etc. 2018
300 ## - PHYSICAL DESCRIPTION
Extent 250
942 ## - ADDED ENTRY ELEMENTS (KOHA)
Koha item type Book
Holdings
Withdrawn status Lost status Damaged status Not for loan Collection code Permanent Location Current Location Shelving location Date acquired Total Checkouts Full call number Barcode Date last seen Date last checked out Price effective from Koha item type
        School of Engineering Maharishi School of Engineering & Technology (Lucknow) Central Library, MUIT, Lucknow R25S4 2020-06-15 2 620 SOE05942 2026-02-24 2026-02-09 2020-06-15 Book

All Rights Reserved@MUIT

Powered by Koha